000 00672nam a2200205 a 4500
003 BD-DhJNU
005 20251104040802.0
008 251001s2013 ii a b 001 0 eng
020 _a9781349318957
040 _aBD-DhJNU
_bENG
_cBD-DhJNU
_dBD-DhJNU
082 0 0 _a791.436 RUP
_223
100 1 _aRushton, Richard
245 1 4 _aThe politics of Hollywood cinema :
_bpopular film and contemporary political theory /
_cRichard Rushton
260 _aNew York :
_bPalgrave Macmillan,
_c2013.
300 _aix, 236 p. :
_bill. ;
_c26 cm.
504 _aIncludes bibliographical references and index.
650 0 _aPolitical cinema
650 0 _aHollywood film theory
942 _cBK
999 _c2333
_d2333